000 00657nam a2200229Ia 4500
003 OSt
005 20220928124314.0
006 a|||||r|||| 00| 0
007 ta
008 220927b |||||||| |||| 00| 0 eng d
024 _a42948
037 _cTextual
040 _aSDCL
_cSDCL
_beng
041 _2eng
_aeng
082 _aV2164,g1'A, N7
100 _aSastry D L N
_9393174
245 0 _aPre historic cultures of the Manjra valley
_b Medak district Andra Pradesh
260 _aDelhi
_bBhartiya Kala Prakashan
_c1997
300 _axv,86p
_ccm.
942 _hV2164,g1'A, N7
_cTEXL
_2CC
999 _c777170
_d777170